Magnetic processes in astrophysics (Record no. 18832)
[ view plain ]
| 000 -LEADER | |
|---|---|
| fixed length control field | 00623nam a2200205Ia 4500 |
| 003 - CONTROL NUMBER IDENTIFIER | |
| control field | IN-BaIIA |
| 008 - FIXED-LENGTH DATA ELEMENTS--GENERAL INFORMATION | |
| fixed length control field | 211028s9999 xx 000 0 eng d |
| 020 ## - INTERNATIONAL STANDARD BOOK NUMBER | |
| International Standard Book Number | 978-3-527-41034-7 |
| 040 ## - CATALOGING SOURCE | |
| Transcribing agency | IIA Library |
| 080 ## - UNIVERSAL DECIMAL CLASSIFICATION NUMBER | |
| Universal Decimal Classification number | 52-337 |
| Item number | RUD |
| 100 ## - MAIN ENTRY--PERSONAL NAME | |
| Personal name | Rudiger, Gunther |
| 9 (RLIN) | 36001 |
| 245 #0 - TITLE STATEMENT | |
| Title | Magnetic processes in astrophysics |
| Remainder of title | theory, simulations, experiments |
| Statement of responsibility, etc. | Gunther Rudiger |
| 260 ## - PUBLICATION, DISTRIBUTION, ETC. | |
| Place of publication, distribution, etc. | Weinheim |
| Name of publisher, distributor, etc. | Wiley-VCH Verlag Gmbh |
| Date of publication, distribution, etc. | 2013 |
| 300 ## - PHYSICAL DESCRIPTION | |
| Extent | x, 346p. |
| 650 ## - SUBJECT ADDED ENTRY--TOPICAL TERM | |
| Topical term or geographic name entry element | Astrophysics |
| 9 (RLIN) | 794 |
| 650 ## - SUBJECT ADDED ENTRY--TOPICAL TERM | |
| Topical term or geographic name entry element | Magnetic processes |
| 9 (RLIN) | 36002 |
| 700 ## - ADDED ENTRY--PERSONAL NAME | |
| Personal name | Hollerbach, Rainer |
| 9 (RLIN) | 36003 |
| 700 ## - ADDED ENTRY--PERSONAL NAME | |
| Personal name | Kitchatinov, Leonid L. |
| 9 (RLIN) | 36004 |
| 942 ## - ADDED ENTRY ELEMENTS (KOHA) | |
| Koha item type | Books |
| Withdrawn status | Lost status | Damaged status | Not for loan | Home library | Current library | Shelving location | Date acquired | Source of acquisition | Cost, normal purchase price | Total Checkouts | Full call number | Barcode | Date last seen | Cost, replacement price | Price effective from | Koha item type | Purchase Price |
|---|---|---|---|---|---|---|---|---|---|---|---|---|---|---|---|---|---|
| IIA Library-Bangalore | IIA Library-Bangalore | General Stacks | 18/12/2013 | ANJ | 10098.00 | 52-337/ RUD | 19754 | 05/11/2021 | 10098.00 | 18/12/2013 | Books | Rs. 10098.00 |